Sistema Centroamericano de Evaluación y Armonización de la Educación Superior
| Main Author: | |
|---|---|
| Format: | Section = Libro |
| Language: | Undetermined Spanish |
| Published: |
Salvador
CSUCA
2013
|
| Subjects: |
| LEADER | 00683nam a2200193Ia 4500 | ||
|---|---|---|---|
| 008 | 241007s9999||||xx |||||||||||||| ||und|| | ||
| 040 | |a BIBLIOTECA-RURC/ 379.158 C755 | ||
| 041 | |a spa | ||
| 082 | |a 379.158 C755 | ||
| 100 | 1 | |a Consejo Superior Universitario Centroamericano-CSUCA | |
| 245 | 1 | 0 | |a Sistema Centroamericano de Evaluación y Armonización de la Educación Superior |
| 260 | |a Salvador |b CSUCA |c 2013 | ||
| 300 | |a 191 p. :il. | ||
| 650 | 7 | |a GUIA DE AUTOEVALUACIÓN INSTITUCIONAL | |
| 650 | 7 | |b GUIA PARA LA ELABORACIÓN DEL INFORME DE AUTOEVALUACIÓN | |
| 650 | 7 | |c GUIA PARA ELABORAR EL INFORME FINAL DE LA VISITA DE PARES | |
| 942 | |c BK |2 ddc | ||
| 991 | |a TEXTO | ||
| 999 | |c 14324 | ||